Àfrica 30 / Mercè Sàrrias ; pròleg de José Sanchis Sinisterra
Descripción Física:
74 p. ; 18 cm
Colección:
Biblioteca teatral ; 96
Otros Autores:
Sanchis Sinisterra, José, 1940-
MARC
| LEADER | 00000nam a2200000Ia 4500 | ||
|---|---|---|---|
| 001 | 11762 | ||
| 008 | 160829s1997 xx 000 0 cat d | ||
| 080 | |a L-1-280 | ||
| 100 | 1 | |a Sarrias, Mercè, |d 1966- |9 35240 | |
| 245 | |a Àfrica 30 / Mercè Sàrrias ; pròleg de José Sanchis Sinisterra | ||
| 260 | |a Barcelona : |b Diputació. Institut del Teatre, |c 1997 | ||
| 300 | |a 74 p. ; |c 18 cm | ||
| 490 | |a Biblioteca teatral ; 96 | ||
| 590 | |a Premi Ignasi Iglésias 1996 | ||
| 700 | |a Sanchis Sinisterra, José, |d 1940- |9 35241 | ||
| 710 | 1 | |a Institut del Teatre (Barcelona, Catalunya) |9 52662 | |
| 901 | |a Arxiu | ||
| 942 | |n 1 | ||
| 952 | |0 0 |1 0 |4 0 |6 L1280 |7 1 |9 46826 |a Arxiu |b Arxiu |d 2016-12-01 |l 0 |o L-1-280 |p 11762 |r 2016-12-01 00:00:00 |w 2016-12-01 |y ARXIU | ||
| 999 | |c 50619 |d 50619 | ||